00996 2200337 4500001002100000005001500021035002000036007000300056008004100059020002200100040002200122082001200144084001400156090001800170090002200188100003000210245004700240250003600287300004800323650001700371850001200388504003200400264004700432336002100479337003000500338002300530999002200553710004100575990002200616990002000638INLIS00000000085467720200629105041 a0010-0320000004ta200302t2019 yoia g ind d a978-602-1546-99-4 aYOPDYOGbinderda04223a345 a345 HAR m aDEP 345 HAR m aCB-D.11 2019-21880 aHartanto,d1976-epenulis10aMemahami hukum pidana /cpenulis, Hartanto aCetakan pertama, September 2019 ax, 102 halaman :bilustrasi, bagan ;c23 cm 4aHukum pidana aYOPDYOG aBibliografi: halaman 97-100 aYogyakarta :bLintang Pustaka Utama,c2019 2rdacontentateks 2rdamediaatanpa perantara 2rdacarrieravolume aCB-D.11/2019-21882 aUniversitas Widya Mataram Yogyakarta aCB-D.11/2019-2188 a66508-PD/A.2020